[Event "Campeonato Absoluto de Catalunya 2005"]
[Site "Barcelona ESP"]
[Date "2005.03.25"]
[Round "6.4"]
[White "Parligras, Mircea"]
[Black "Baches Garcia, Guillermo"]
[Result "1-0"]
[WhiteElo "2567"]
[BlackElo "2370"]
[PlyCount "61"]
[EventDate "2005.03.20"]
[EventType "swiss"]
[EventRounds "9"]
[EventCountry "ESP"]
[Source "lmi"]
[SourceDate "2005.03.29"]

1. e4 c5 2. Nf3 e6 3. d4 cxd4 4. Nxd4 a6 5. c4 Nf6 6. Nc3 Bb4 7. Qc2 Qc7 8. a3
Bc5 9. Nb3 Be7 10. Be2 d6 11. Be3 Nbd7 12. O-O O-O 13. Rfd1 b6 14. a4 Rb8 15.
f3 Bb7 16. a5 d5 17. axb6 Nxb6 18. cxd5 exd5 19. e5 Nc4 20. Ba7 Qxe5 21. Bxb8
Rxb8 22. Bxc4 dxc4 23. Nd2 Nh5 24. Nce4 Bxe4 25. Nxe4 Rxb2 26. Qxc4 Nf4 27. Ra2
Rxa2 28. Qxa2 a5 29. g3 Bc5+ 30. Kh1 Ne6 31. Rd5 1-0

[Event "Campeonato Absoluto de Catalunya 2005"]
[Site "Barcelona ESP"]
[Date "2005.03.25"]
[Round "6.5"]
[White "Narciso Dublan, Marc"]
[Black "Gonzalez Rodriguez, Jorge A"]
[Result "1-0"]
[WhiteElo "2458"]
[BlackElo "2367"]
[PlyCount "75"]
[EventDate "2005.03.20"]
[EventType "swiss"]
[EventRounds "9"]
[EventCountry "ESP"]
[Source "lmi"]
[SourceDate "2005.03.29"]

1. d4 Nf6 2. Nf3 b6 3. Bg5 Bb7 4. Bxf6 gxf6 5. e3 f5 6. c4 e6 7. a3 Bg7 8. Nc3
O-O 9. Be2 d6 10. O-O Nd7 11. Qc2 Nf6 12. Nd2 c5 13. Bf3 Bxf3 14. Nxf3 cxd4 15.
Nxd4 Rc8 16. Qa4 d5 17. cxd5 Nxd5 18. Nce2 Qe7 19. Rad1 Qb7 20. Rd3 a6 21. Rfd1
b5 22. Qb3 Nb6 23. Nf4 Rfd8 24. h3 Nc4 25. a4 b4 26. Nh5 Ne5 27. R3d2 Nc4 28.
Rc2 Na5 29. Rxc8 Rxc8 30. Qd3 Nc4 31. Nxf5 exf5 32. Qxf5 Nb6 33. a5 Rb8 34.
Nxg7 Kxg7 35. Qg5+ Kf8 36. Rd8+ Rxd8 37. Qxd8+ Kg7 38. axb6 1-0

[Event "Campeonato Absoluto de Catalunya 2005"]
[Site "Barcelona ESP"]
[Date "2005.03.25"]
[Round "6.6"]
[White "Alonso Moyano, Jonathan"]
[Black "Fernandez Aguado, Enrique"]
[Result "0-1"]
[WhiteElo "2422"]
[BlackElo "2338"]
[PlyCount "112"]
[EventDate "2005.03.20"]
[EventType "swiss"]
[EventRounds "9"]
[EventCountry "ESP"]
[Source "lmi"]
[SourceDate "2005.03.29"]

1. e4 c6 2. d4 d5 3. exd5 cxd5 4. c4 Nf6 5. Nf3 e6 6. Nc3 Bb4 7. Bd2 O-O 8. Bd3
dxc4 9. Bxc4 b6 10. O-O Bb7 11. a3 Bxc3 12. bxc3 Nbd7 13. Qe2 Qc7 14. Bd3 Qd6
15. Bg5 Rfc8 16. Rfc1 Nd5 17. c4 Nf4 18. Bxf4 Qxf4 19. Qe3 Qf6 20. Ng5 h6 21.
Ne4 Bxe4 22. Bxe4 Rab8 23. f4 Rc7 24. Bd3 Rd8 25. Be2 Nf8 26. c5 Ng6 27. cxb6
Rxc1+ 28. Rxc1 axb6 29. g3 Rxd4 30. Rc8+ Rd8 31. Rxd8+ Qxd8 32. Bd3 Ne7 33. Be4
Qd6 34. Kg2 g6 35. Qc3 Nd5 36. Bxd5 exd5 37. Qd4 b5 38. a4 b4 39. a5 b3 40. Qb2
Qb4 41. a6 Qe4+ 42. Kh3 Qe6+ 43. Kg2 Qxa6 44. Qxb3 Qe2+ 45. Kg1 Qe1+ 46. Kg2
Qe4+ 47. Kf2 h5 48. Qb8+ Kg7 49. Qb2+ d4 50. Qe2 Qd5 51. Qf3 Qd6 52. Qd3 h4 53.
Ke1 Qb4+ 54. Ke2 h3 55. g4 Qb2+ 56. Kd1 Qxh2 0-1

[Event "Campeonato Absoluto de Catalunya 2005"]
[Site "Barcelona ESP"]
[Date "2005.03.25"]
[Round "6.7"]
[White "Mela, Benjamin"]
[Black "Gual Pascual, Antonio"]
[Result "0-1"]
[WhiteElo "2328"]
[BlackElo "2421"]
[PlyCount "33"]
[EventDate "2005.03.20"]
[EventType "swiss"]
[EventRounds "9"]
[EventCountry "ESP"]
[Source "lmi"]
[SourceDate "2005.03.29"]

1. e4 e6 2. d4 d5 3. Nc3 Bb4 4. e5 Ne7 5. a3 Bxc3+ 6. bxc3 c5 7. Nf3 b6 8. a4
Ba6 9. Bxa6 Nxa6 10. O-O Nc6 11. Ng5 h6 12. Nh3 Na5 13. f4 g6 14. Nf2 h5 15.
Nh3 Qc7 16. f5 gxf5 17. Bg5 0-1

[Event "Campeonato Absoluto de Catalunya 2005"]
[Site "Barcelona ESP"]
[Date "2005.03.25"]
[Round "6.8"]
[White "Fernandez Madrid, Carlos"]
[Black "Fluvia Poyatos, Jordi"]
[Result "0-1"]
[WhiteElo "2202"]
[BlackElo "2399"]
[PlyCount "70"]
[EventDate "2005.03.20"]
[EventType "swiss"]
[EventRounds "9"]
[EventCountry "ESP"]
[Source "lmi"]
[SourceDate "2005.03.29"]

1. d4 d5 2. g3 Nf6 3. Bg2 b5 4. Nf3 Bf5 5. O-O e6 6. a4 b4 7. a5 Bd6 8. c4 bxc3
9. Nxc3 O-O 10. Nh4 Bg4 11. Qc2 Nc6 12. Ra4 Nb4 13. Qd1 Rb8 14. Be3 Qe7 15. Re1
Bh5 16. Qd2 c5 17. dxc5 Bxc5 18. Bxc5 Qxc5 19. e3 Rfd8 20. Bf1 d4 21. Nb5 d3
22. Rxb4 Rxb5 23. Rd4 Rxd4 24. exd4 Qxd4 25. Qxd3 Qxd3 26. Bxd3 Rxb2 27. Rc1 g5
28. Ng2 Ra2 29. a6 Ng4 30. f4 Nf2 31. Bc4 Nh3+ 32. Kh1 Rb2 33. fxg5 Bf3 34. Bf1
Rf2 35. g4 e5 0-1

[Event "Campeonato Absoluto de Catalunya 2005"]
[Site "Barcelona ESP"]
[Date "2005.03.25"]
[Round "6.9"]
[White "Monedero Gonzalez, Josep"]
[Black "Perpinya Rofes, Lluis Maria"]
[Result "1/2-1/2"]
[WhiteElo "2152"]
[BlackElo "2389"]
[PlyCount "68"]
[EventDate "2005.03.20"]
[EventType "swiss"]
[EventRounds "9"]
[EventCountry "ESP"]
[Source "lmi"]
[SourceDate "2005.03.29"]

1. d4 Nf6 2. Nf3 g6 3. Bf4 Bg7 4. Nbd2 O-O 5. e3 c5 6. c3 b6 7. Be2 Bb7 8. h3
d6 9. O-O Nbd7 10. Bh2 Qc7 11. Qb3 a6 12. a4 Bc6 13. Qa3 Qb7 14. c4 cxd4 15.
exd4 d5 16. Rfe1 Rac8 17. b3 Ne4 18. Nxe4 dxe4 19. Ne5 Nxe5 20. dxe5 Rfd8 21.
Rad1 e6 22. Qc1 b5 23. Rxd8+ Rxd8 24. cxb5 axb5 25. Bxb5 Bxb5 26. axb5 Qxb5 27.
Rxe4 Qxb3 28. Re1 Bf8 29. Bg3 Bb4 30. Qc7 Rd3 31. Rc1 g5 32. h4 Ba3 33. Re1
gxh4 34. Bxh4 Bf8 1/2-1/2

[Event "Campeonato Absoluto de Catalunya 2005"]
[Site "Barcelona ESP"]
[Date "2005.03.25"]
[Round "6.10"]
[White "Vidarte Morales, Arturo"]
[Black "Martin Perez, Javier"]
[Result "1/2-1/2"]
[WhiteElo "2378"]
[BlackElo "2293"]
[PlyCount "99"]
[EventDate "2005.03.20"]
[EventType "swiss"]
[EventRounds "9"]
[EventCountry "ESP"]
[Source "lmi"]
[SourceDate "2005.03.29"]

1. Nf3 d5 2. g3 g6 3. Bg2 Bg7 4. d4 Nf6 5. c4 c6 6. cxd5 cxd5 7. Ne5 O-O 8. Nc3
e6 9. O-O Nfd7 10. f4 f6 11. Nf3 Nc6 12. Be3 Nb6 13. Bf2 f5 14. Rc1 Bd7 15. b3
Rc8 16. Ne5 Qe7 17. e3 Nxe5 18. dxe5 Rc7 19. Qd3 Rfc8 20. Ne2 Qa3 21. Rxc7 Rxc7
22. Qd2 Bb5 23. Rc1 Rxc1+ 24. Nxc1 Bf8 25. Ne2 Bxe2 26. Qxe2 Qc1+ 27. Bf1 Nd7
28. g4 Nc5 29. gxf5 gxf5 30. Qh5 Ne4 31. Qe8 Qc6 32. Qd8 Qc2 33. Bh4 Qd1 34.
Qc8 Qg4+ 35. Bg3 Qg6 36. Bg2 Qf7 37. Bf3 Kg7 38. Kg2 Bb4 39. Qc2 Qd7 40. Qe2
Nc3 41. Qc2 Ne4 42. Kh3 Qc6 43. Qg2 Nxg3 44. Qxg3+ Kh8 45. Qg5 Qd7 46. Bh5 Bc5
47. Qf6+ Kg8 48. Qg5+ Kh8 49. Qf6+ Kg8 50. Qg5+ 1/2-1/2

[Event "Campeonato Absoluto de Catalunya 2005"]
[Site "Barcelona ESP"]
[Date "2005.03.26"]
[Round "7.1"]
[White "Barrientos, Sergio"]
[Black "Parligras, Mircea"]
[Result "1/2-1/2"]
[WhiteElo "2432"]
[BlackElo "2567"]
[PlyCount "176"]
[EventDate "2005.03.20"]
[EventType "swiss"]
[EventRounds "9"]
[EventCountry "ESP"]
[Source "lmi"]
[SourceDate "2005.03.29"]

1. e4 c5 2. Nf3 Nc6 3. d4 cxd4 4. Nxd4 Nf6 5. Nc3 e5 6. Ndb5 d6 7. Bg5 a6 8.
Na3 b5 9. Nd5 Be7 10. Bxf6 Bxf6 11. c3 Bg5 12. Nc2 Rb8 13. a4 bxa4 14. Ncb4
Nxb4 15. Nxb4 Bd7 16. Bxa6 O-O 17. O-O Be7 18. Qd5 Qb6 19. Bd3 Be6 20. Qc6 Bb3
21. Rfb1 Qa7 22. Bc4 Rbc8 23. Qa6 Qxa6 24. Bxa6 Rc7 25. Bb5 Ra8 26. Bc6 Raa7
27. Bd5 Bg5 28. Ra3 g6 29. Rba1 Bxd5 30. exd5 Rc5 31. Kf1 e4 32. Ke2 f5 33.
Rxa4 Rxa4 34. Rxa4 Bc1 35. Ra2 h5 36. Kd1 Bf4 37. h3 Kf7 38. Kc2 g5 39. Ra1 g4
40. hxg4 hxg4 41. f3 exf3 42. gxf3 Bh2 43. fxg4 fxg4 44. Re1 g3 45. Re2 Kf6 46.
Kd3 Kf5 47. c4 Rc8 48. Nc6 Kg4 49. c5 dxc5 50. Ne5+ Kh3 51. Nf3 Rf8 52. Ng5+
Kg4 53. Ne4 Rd8 54. d6 Kf4 55. b3 Kf3 56. Re3+ Kg4 57. Re2 Kf4 58. Rc2 Kf3 59.
Ng5+ Kg4 60. Nf7 Rb8 61. d7 Kh3 62. d8=Q Rxd8+ 63. Nxd8 g2 64. Rxg2 Kxg2 65.
Ne6 Bd6 66. Kc4 Kf3 67. Nxc5 Kf4 68. Kd5 Be7 69. b4 Kf5 70. b5 Bd8 71. Nb7 Bb6
72. Kc6 Ba7 73. Nd6+ Kg6 74. Nc8 Bd4 75. Kd5 Be3 76. Nd6 Ba7 77. Kc6 Kh7 78.
Nc8 Bd4 79. Nb6 Be3 80. Nd7 Ba7 81. Kb7 Bd4 82. Kc6 Ba7 83. Nc5 Kh8 84. Ne6 Kh7
85. Kb7 Be3 86. Nc7 Bf2 87. Nd5 Bd4 88. Kc6 Ba7 1/2-1/2

[Event "Campeonato Absoluto de Catalunya 2005"]
[Site "Barcelona ESP"]
[Date "2005.03.26"]
[Round "7.2"]
[White "Fluvia Poyatos, Jordi"]
[Black "Moskalenko, Viktor"]
[Result "0-1"]
[WhiteElo "2399"]
[BlackElo "2530"]
[PlyCount "42"]
[EventDate "2005.03.20"]
[EventType "swiss"]
[EventRounds "9"]
[EventCountry "ESP"]
[Source "lmi"]
[SourceDate "2005.03.29"]

1. e4 e6 2. d4 d5 3. Nc3 Bb4 4. e5 c5 5. a3 Bxc3+ 6. bxc3 Qc7 7. Qg4 f5 8. Qg3
Nc6 9. Nf3 cxd4 10. cxd4 Nge7 11. Bd2 O-O 12. Bd3 Bd7 13. h4 f4 14. Qg4 Nxd4
15. Bxh7+ Kxh7 16. Qh5+ Kg8 17. Nxd4 Rf5 18. Nxf5 Qxe5+ 19. Be3 Qc3+ 20. Ke2
Nxf5 21. g4 fxe3 0-1

[Event "Campeonato Absoluto de Catalunya 2005"]
[Site "Barcelona ESP"]
[Date "2005.03.26"]
[Round "7.3"]
[White "Panelo, Marcelo"]
[Black "Narciso Dublan, Marc"]
[Result "1/2-1/2"]
[WhiteElo "2379"]
[BlackElo "2458"]
[PlyCount "130"]
[EventDate "2005.03.20"]
[EventType "swiss"]
[EventRounds "9"]
[EventCountry "ESP"]
[Source "lmi"]
[SourceDate "2005.03.29"]

1. d4 e6 2. c4 f5 3. g3 Nf6 4. Bg2 c6 5. Qc2 d5 6. Nh3 Bd6 7. O-O O-O 8. Bf4
Be7 9. Nd2 Na6 10. a3 h6 11. Be5 g5 12. Rad1 Bd7 13. f3 Be8 14. e4 dxe4 15.
fxe4 Ng4 16. exf5 Ne3 17. Qb3 Nxd1 18. Rxd1 Rxf5 19. Ne4 Bh5 20. Re1 Qb6 21.
Qxb6 axb6 22. Nhf2 g4 23. h3 Rff8 24. hxg4 Bg6 25. Nh3 Nb8 26. Nf4 Bf7 27. Nh5
Nd7 28. Bd6 Rae8 29. Bxe7 Rxe7 30. Nd6 Bg6 31. Nxb7 Bxh5 32. gxh5 Nf6 33. Bxc6
Rg7 34. Re3 Nxh5 35. Kg2 Rf4 36. Nd8 Rxd4 37. Nxe6 Rd2+ 38. Kh3 Re7 39. Bd5 Nf6
40. Rb3 Nxd5 41. cxd5 Rxd5 42. Rxb6 Rh5+ 43. Kg2 Rd7 44. Rb8+ Kf7 45. Nf4 Rd2+
46. Kf3 Rhh2 47. b3 Ra2 48. Rb7+ Ke8 49. a4 Rhc2 50. Kg4 Rc3 51. Nd5 Rd3 52.
Nf4 Rc3 53. Rb8+ Kd7 54. Rb7+ Kc8 55. Rb6 Ra3 56. Rxh6 Rcxb3 57. Rh8+ Kb7 58.
Rh7+ Ka6 59. Rh6+ Ka5 60. Rh3 Kxa4 61. Ne6 Re3 62. Nf4 Rab3 63. Nh5 Rb4+ 64.
Nf4 Rbb3 65. Nh5 Rb4+ 1/2-1/2

[Event "Campeonato Absoluto de Catalunya 2005"]
[Site "Barcelona ESP"]
[Date "2005.03.26"]
[Round "7.4"]
[White "Muñoz Pantoja, Miguel"]
[Black "Fernandez Aguado, Enrique"]
[Result "1-0"]
[WhiteElo "2424"]
[BlackElo "2338"]
[PlyCount "71"]
[EventDate "2005.03.20"]
[EventType "swiss"]
[EventRounds "9"]
[EventCountry "ESP"]
[Source "lmi"]
[SourceDate "2005.03.29"]

1. e4 c6 2. Nc3 d5 3. Nf3 dxe4 4. Nxe4 Nf6 5. Nxf6+ gxf6 6. d4 Bf5 7. g3 Nd7 8.
Bg2 Qa5+ 9. c3 Qb5 10. Qb3 Qxb3 11. axb3 e6 12. O-O Nb6 13. Be3 Nd5 14. Bd2 Bc2
15. b4 a6 16. Rfc1 Be4 17. Ne1 Bxg2 18. Kxg2 h5 19. Nd3 O-O-O 20. f4 h4 21. g4
h3+ 22. Kf3 Ne7 23. Be1 Bg7 24. Bg3 Rh7 25. Re1 Rg8 26. f5 Bf8 27. fxe6 f5 28.
g5 Rxg5 29. Nf4 fxe6 30. Rxe6 Kd7 31. Rae1 Nc8 32. Ng6 Bg7 33. Rf6 Bxf6 34.
Nf8+ Kd8 35. Nxh7 Rg6 36. Nxf6 1-0

[Event "Campeonato Absoluto de Catalunya 2005"]
[Site "Barcelona ESP"]
[Date "2005.03.26"]
[Round "7.5"]
[White "Gual Pascual, Antonio"]
[Black "Granados Gomez, Manuel"]
[Result "0-1"]
[WhiteElo "2421"]
[BlackElo "2414"]
[PlyCount "130"]
[EventDate "2005.03.20"]
[EventType "swiss"]
[EventRounds "9"]
[EventCountry "ESP"]
[Source "lmi"]
[SourceDate "2005.03.29"]

1. d4 d5 2. c4 c6 3. Nf3 Nf6 4. Nc3 dxc4 5. a4 Bf5 6. Ne5 Nbd7 7. Nxc4 Nd5 8.
g3 e5 9. dxe5 Nc5 10. Nxd5 cxd5 11. Nd2 Rc8 12. Bg2 Ne6 13. e4 dxe4 14. Bxe4
Bxe4 15. Nxe4 Qa5+ 16. Kf1 Qxe5 17. Qd3 a6 18. Bf4 Qxb2 19. Kg2 Rd8 20. Qf3 Be7
21. Rhb1 Qd4 22. Rd1 Qb2 23. Rab1 Qa3 24. Qxa3 Bxa3 25. Bd6 f5 26. Bxa3 Rxd1
27. Rxd1 fxe4 28. Rb1 Nd8 29. Re1 Kd7 30. Rxe4 Ne6 31. Rb4 Rb8 32. Rb6 Nd8 33.
Bb2 g6 34. h4 Nc6 35. Bc1 Kc7 36. Rb3 Re8 37. Be3 Re4 38. Bb6+ Kd7 39. a5 Ra4
40. f4 h5 41. Kf3 Nxa5 42. Rd3+ Ke6 43. g4 Nc4 44. Bd4 hxg4+ 45. Kxg4 Ra2 46.
Kg5 Rg2+ 47. Kh6 Nd6 48. Kh7 Nf5 49. Be5 Nxh4 50. Rb3 b5 51. Ra3 g5 52. Rxa6+
Kf5 53. Rb6 g4 54. Rxb5 Rh2 55. Bc7+ Kf6 56. Rb6+ Kf7 57. Rh6 Rh3 58. f5 Nxf5
59. Rxh3 gxh3 60. Bb8 Kf6 61. Bf4 Nh4 62. Bc7 Kg5 63. Kg7 Nf5+ 64. Kf7 Kg4 65.
Bh2 Kf3 0-1

[Event "Campeonato Absoluto de Catalunya 2005"]
[Site "Barcelona ESP"]
[Date "2005.03.26"]
[Round "7.6"]
[White "Simon Padros, Emili"]
[Black "Gonzalez Garcia, Jose"]
[Result "0-1"]
[WhiteElo "2274"]
[BlackElo "2470"]
[PlyCount "126"]
[EventDate "2005.03.20"]
[EventType "swiss"]
[EventRounds "9"]
[EventCountry "ESP"]
[Source "lmi"]
[SourceDate "2005.03.29"]

1. e4 e6 2. d4 d5 3. e5 c5 4. c3 Nc6 5. Nf3 Bd7 6. Be2 Nge7 7. Na3 cxd4 8. cxd4
Nf5 9. Nc2 Qb6 10. g4 Nfe7 11. Rg1 h5 12. h3 hxg4 13. hxg4 Ng6 14. a3 Na5 15.
Rb1 Bb5 16. b4 Bxe2 17. Qxe2 Nc4 18. Ne3 Rc8 19. Nxc4 dxc4 20. Qe4 Qc6 21.
Qxc6+ Rxc6 22. Be3 Ra6 23. Bc1 Ne7 24. Nd2 Rc6 25. Ne4 Nd5 26. Rb2 Rh3 27. Rc2
a5 28. bxa5 Bxa3 29. Bxa3 Rxa3 30. Rg3 Rxa5 31. Rxc4 Ra1+ 32. Ke2 Ra2+ 33. Kf1
Rxc4 34. Nd6+ Ke7 35. Nxc4 b5 36. Ra3 Rxa3 37. Nxa3 b4 38. Nb1 Kd7 39. Ke2 Kc6
40. Kd3 Kb5 41. Nd2 Ka4 42. Kc4 g5 43. Ne4 Ka3 44. Nxg5 b3 45. Ne4 b2 46. Nd2
Ka2 47. g5 Nf4 48. Kc5 Nh3 49. Kd6 Nxg5 50. Ke7 Nf3 51. Nxf3 b1=Q 52. Ng5 Qf5
53. Nxf7 Qxf2 54. Kxe6 Qxd4 55. Ke7 Qc5+ 56. Kf6 Qd4 57. Ke7 Kb3 58. e6 Kc4 59.
Kf8 Kd5 60. e7 Qc5 61. Ng5 Kc6 62. Nh7 Qf5+ 63. Ke8 Qxh7 0-1

[Event "Campeonato Absoluto de Catalunya 2005"]
[Site "Barcelona ESP"]
[Date "2005.03.26"]
[Round "7.7"]
[White "Perpinya Rofes, Lluis Maria"]
[Black "Montilla Carrillo, Esteban"]
[Result "1-0"]
[WhiteElo "2389"]
[BlackElo "2267"]
[PlyCount "101"]
[EventDate "2005.03.20"]
[EventType "swiss"]
[EventRounds "9"]
[EventCountry "ESP"]
[Source "lmi"]
[SourceDate "2005.03.29"]

1. e4 c5 2. Nf3 d6 3. d4 cxd4 4. Nxd4 Nf6 5. Nc3 a6 6. a4 e5 7. Nf3 Be7 8. Bg5
Nbd7 9. Bc4 h6 10. Bh4 O-O 11. O-O g5 12. Bg3 Nc5 13. Nd2 Be6 14. Bxe6 fxe6 15.
Qe2 Qe8 16. Rfd1 Qg6 17. f3 Rac8 18. Nc4 Ne8 19. Nb6 Rc6 20. a5 Nf6 21. Bf2
Ncd7 22. Nxd7 Nxd7 23. Rd2 Rfc8 24. Rad1 Rc4 25. Rd3 Kg7 26. Qe3 Qf7 27. Qa7
R8c7 28. R1d2 Bf8 29. Qa8 Nc5 30. Rxd6 Bxd6 31. Rxd6 Nd7 32. Bg3 Qf8 33. Qxf8+
Kxf8 34. Rxe6 R7c6 35. Rxc6 Rxc6 36. Bf2 Kf7 37. Kf1 Nf8 38. Ke2 Ne6 39. Kd2
Rd6+ 40. Kc1 Nf4 41. g3 Nh3 42. Bb6 Ke8 43. Nd5 Kd7 44. Kd2 h5 45. c4 g4 46.
fxg4 hxg4 47. Be3 Rg6 48. b4 Ng5 49. Bxg5 Rxg5 50. Ne3 Kc6 51. Kc3 1-0

[Event "Campeonato Absoluto de Catalunya 2005"]
[Site "Barcelona ESP"]
[Date "2005.03.26"]
[Round "7.8"]
[White "Garcia Jimenez, Fransisco Javier"]
[Black "Hernando Rodrigo, Julio A"]
[Result "1/2-1/2"]
[WhiteElo "2242"]
[BlackElo "2352"]
[PlyCount "94"]
[EventDate "2005.03.20"]
[EventType "swiss"]
[EventRounds "9"]
[EventCountry "ESP"]
[Source "lmi"]
[SourceDate "2005.03.29"]

1. e4 d5 2. exd5 Qxd5 3. Nc3 Qa5 4. d4 Nf6 5. Nf3 c6 6. Bc4 Bg4 7. Bd2 e6 8. h3
Bxf3 9. Qxf3 Qb6 10. Qd3 Nbd7 11. O-O Rd8 12. Bf4 Be7 13. Bb3 O-O 14. Rad1 Rfe8
15. Rfe1 Nf8 16. Ne2 Ng6 17. Bg3 Bd6 18. c3 Re7 19. Qf3 a5 20. Rd2 Red7 21.
Bxd6 Rxd6 22. Nf4 Qc7 23. Nxg6 hxg6 24. Rde2 b6 25. Re5 c5 26. dxc5 bxc5 27.
Bc4 Rd2 28. R5e2 Qb8 29. b3 Rxe2 30. Qxe2 Qf4 31. Qe5 Qxe5 32. Rxe5 Rd1+ 33.
Kh2 Nd5 34. Bxd5 exd5 35. Re8+ Kh7 36. Rc8 c4 37. bxc4 dxc4 38. Rxc4 Rd2 39.
Ra4 Rxf2 40. Rxa5 Rc2 41. Ra3 g5 42. Kg3 f5 43. Kf3 Kh6 44. Ra6+ g6 45. Ra3 Kh5
46. Kg3 Kh6 47. Kf3 Kh5 1/2-1/2

[Event "Campeonato Absoluto de Catalunya 2005"]
[Site "Barcelona ESP"]
[Date "2005.03.26"]
[Round "7.9"]
[White "Catalan Escale, Enric"]
[Black "Rios Parra, Alejandro"]
[Result "0-1"]
[WhiteElo "2100"]
[BlackElo "2315"]
[PlyCount "41"]
[EventDate "2005.03.20"]
[EventType "swiss"]
[EventRounds "9"]
[EventCountry "ESP"]
[Source "lmi"]
[SourceDate "2005.03.29"]

1. c4 g6 2. g3 Bg7 3. Bg2 e5 4. Nc3 Nc6 5. e4 d6 6. Nge2 h5 7. h4 Be6 8. d3 Qd7
9. Nd5 O-O-O 10. Qa4 f5 11. Be3 a6 12. O-O-O Rf8 13. b4 Bh6 14. b5 Nb8 15. Bxh6
Rxh6 16. f3 Bxd5 17. exd5 axb5 18. cxb5 Nf6 19. Nc3 Qf7 20. f4 Nfd7 21. Qb4 0-1

[Event "Campeonato Absoluto de Catalunya 2005"]
[Site "Barcelona ESP"]
[Date "2005.03.26"]
[Round "7.10"]
[White "Martin Perez, Javier"]
[Black "Monedero Gonzalez, Josep"]
[Result "1/2-1/2"]
[WhiteElo "2293"]
[BlackElo "2152"]
[PlyCount "135"]
[EventDate "2005.03.20"]
[EventType "swiss"]
[EventRounds "9"]
[EventCountry "ESP"]
[Source "lmi"]
[SourceDate "2005.03.29"]

1. e4 e6 2. d4 d5 3. Nc3 Bb4 4. e5 Qd7 5. a3 Bf8 6. Nf3 b6 7. b4 a5 8. b5 a4 9.
Rb1 Be7 10. Bd3 Qd8 11. h4 c5 12. bxc6 Nxc6 13. Nxa4 Rxa4 14. Bb5 Rc4 15. Qd3
Bd7 16. Bxc4 dxc4 17. Qxc4 Nh6 18. Qa6 Nf5 19. Qxb6 Nfxd4 20. Nxd4 Qxb6 21.
Rxb6 Nxd4 22. Rh3 Bd8 23. Ra6 Bb5 24. Ra8 O-O 25. c3 Nc6 26. a4 Bc4 27. Ba3 Be7
28. Rxf8+ Kxf8 29. Bxe7+ Kxe7 30. Re3 Bb3 31. Re4 Bd5 32. Re2 Bb3 33. Rb2 Na5
34. Ke2 f6 35. f4 Kd7 36. Rd2+ Kc7 37. exf6 gxf6 38. Kf3 Bxa4 39. Kg4 Be8 40.
h5 Nc4 41. Ra2 Kb7 42. Kh4 h6 43. g4 Nd6 44. Re2 Bf7 45. g5 fxg5+ 46. fxg5 Nf5+
47. Kg4 hxg5 48. Kxg5 Kc6 49. h6 Nxh6 50. Kxh6 Kd5 51. Kg5 Kc4 52. Re3 e5 53.
Kf6 Bg8 54. Rg3 e4 55. Ke5 e3 56. Rxe3 Bh7 57. Rh3 Bd3 58. Rh8 Kxc3 59. Rb8 Bc2
60. Kf4 Bb3 61. Ke3 Be6 62. Rb6 Bb3 63. Rc6+ Kb2 64. Kd2 Bd5 65. Rc1 Bb3 66.
Rc7 Ba2 67. Rc2+ Ka1 68. Rxa2+ 1/2-1/2

[Event "Campeonato Absoluto de Catalunya 2005"]
[Site "Barcelona ESP"]
[Date "2005.03.27"]
[Round "8.1"]
[White "Moskalenko, Viktor"]
[Black "Muñoz Pantoja, Miguel"]
[Result "1/2-1/2"]
[WhiteElo "2530"]
[BlackElo "2424"]
[PlyCount "48"]
[EventDate "2005.03.20"]
[EventType "swiss"]
[EventRounds "9"]
[EventCountry "ESP"]
[Source "lmi"]
[SourceDate "2005.03.29"]

1. d4 Nf6 2. c4 e6 3. Nc3 d5 4. cxd5 exd5 5. Bg5 Be7 6. e3 O-O 7. Bd3 c6 8. Qc2
h6 9. Bh4 Re8 10. Nge2 Nbd7 11. f3 c5 12. O-O cxd4 13. Nxd4 Bc5 14. Bf2 Bxd4
15. exd4 Nf8 16. Qb3 Ne6 17. Rfe1 b6 18. Rad1 Bb7 19. Bb5 Re7 20. Bh4 g5 21.
Bf2 Nh5 22. Ne2 Qd6 23. Ng3 Nhg7 24. Ne2 Nh5 1/2-1/2

[Event "Campeonato Absoluto de Catalunya 2005"]
[Site "Barcelona ESP"]
[Date "2005.03.27"]
[Round "8.2"]
[White "Granados Gomez, Manuel"]
[Black "Barrientos, Sergio"]
[Result "1/2-1/2"]
[WhiteElo "2414"]
[BlackElo "2432"]
[PlyCount "58"]
[EventDate "2005.03.20"]
[EventType "swiss"]
[EventRounds "9"]
[EventCountry "ESP"]
[Source "lmi"]
[SourceDate "2005.03.29"]

1. e4 c5 2. c4 Nc6 3. Nc3 g6 4. g3 Bg7 5. Bg2 e6 6. Nge2 Nge7 7. O-O O-O 8. d3
Nd4 9. Be3 d6 10. Qd2 Rb8 11. Bh6 Nec6 12. Bxg7 Kxg7 13. Nxd4 Nxd4 14. Ne2 Qf6
15. f4 b5 16. Nc3 b4 17. e5 dxe5 18. Ne4 Qd8 19. fxe5 Nc6 20. Nxc5 Qd4+ 21. Qf2
Qxf2+ 22. Rxf2 Nxe5 23. Re1 f6 24. b3 Rd8 25. h3 Rb6 26. Ref1 f5 27. Re2 Nf7
28. Rfe1 Kf6 29. Kf2 h5 1/2-1/2

[Event "Campeonato Absoluto de Catalunya 2005"]
[Site "Barcelona ESP"]
[Date "2005.03.27"]
[Round "8.3"]
[White "Parligras, Mircea"]
[Black "Panelo, Marcelo"]
[Result "1/2-1/2"]
[WhiteElo "2567"]
[BlackElo "2379"]
[PlyCount "88"]
[EventDate "2005.03.20"]
[EventType "swiss"]
[EventRounds "9"]
[EventCountry "ESP"]
[Source "lmi"]
[SourceDate "2005.03.29"]

1. e4 c5 2. Nf3 d6 3. d4 cxd4 4. Nxd4 Nf6 5. Nc3 a6 6. f3 e5 7. Nb3 Be6 8. Be3
Nbd7 9. g4 Nb6 10. g5 Nh5 11. Qd2 Be7 12. O-O-O O-O 13. Rg1 Rc8 14. Kb1 Qc7 15.
Qf2 Bd8 16. h4 g6 17. Rg2 Nc4 18. Bxc4 Bxc4 19. f4 exf4 20. Bxf4 Nxf4 21. Qxf4
f6 22. Qg4 fxg5 23. hxg5 Rf7 24. Rgd2 Qd7 25. Qg3 Qe7 26. Rxd6 Bc7 27. Qg4 Re8
28. Rd7 Qe6 29. Qxe6 Bxe6 30. Rxf7 Bxf7 31. Nd5 Bd8 32. Nf6+ Bxf6 33. gxf6 Rxe4
34. Nc5 Re5 35. Nxb7 Rd5 36. Kc1 h5 37. Nd6 h4 38. Nxf7 Rxd1+ 39. Kxd1 Kxf7 40.
Ke2 Kxf6 41. b4 Ke5 42. c4 Kd4 43. b5 axb5 44. cxb5 Kc5 1/2-1/2

[Event "Campeonato Absoluto de Catalunya 2005"]
[Site "Barcelona ESP"]
[Date "2005.03.27"]
[Round "8.4"]
[White "Narciso Dublan, Marc"]
[Black "Gonzalez Garcia, Jose"]
[Result "1/2-1/2"]
[WhiteElo "2458"]
[BlackElo "2470"]
[PlyCount "88"]
[EventDate "2005.03.20"]
[EventType "swiss"]
[EventRounds "9"]
[EventCountry "ESP"]
[Source "lmi"]
[SourceDate "2005.03.29"]

1. c4 e5 2. Nc3 Nf6 3. d3 Nc6 4. Nf3 Bb4 5. Bd2 O-O 6. e3 d5 7. cxd5 Nxd5 8.
Rc1 Nxc3 9. Bxc3 Bxc3+ 10. Rxc3 Qe7 11. Be2 Nb4 12. a3 Nd5 13. Rc1 c5 14. O-O
b6 15. d4 cxd4 16. Bc4 Bb7 17. exd4 e4 18. Ne5 Qg5 19. Qg4 Qxg4 20. Nxg4 Rfd8
21. Ne3 Kf8 22. Bxd5 Bxd5 23. g4 Rd7 24. Kg2 Be6 25. Rfd1 Rad8 26. Kg3 g5 27.
h4 gxh4+ 28. Kxh4 Rxd4 29. Kg5 Rd2 30. Rxd2 Rxd2 31. Rc2 Rxc2 32. Nxc2 f6+ 33.
Kf4 Kf7 34. Nd4 Bd7 35. Nf5 Bxf5 36. Kxf5 e3 37. fxe3 Ke7 38. a4 a5 39. Ke4 Ke6
40. Kf4 Kf7 41. Kf5 Ke7 42. Ke4 Ke6 43. Kf4 Kf7 44. Kf5 Ke7 1/2-1/2